000 01304cam a22003737a 4500
001 000078280
003 CHAP
005 20250523113050.0
008 980918d1997 mx a r 10110 spa d
010 _a75515
011 _a76487
020 _a968884375X
035 _a86072
040 _cCHAP
082 0 4 _a634.063
_bR6
100 1 0 _aRodríguez Canto, Adolfo
_ecomp.
_998359
245 1 0 _aCultivos y tecnologías agrícolas alternativas para Yucatán /
_c/comp. por Adolfo Rodríguez Canto.
260 _aMérida, Yuc. :
_bUACH. Centro Regional Universitario Península de Yucatán,
_c1997.
300 _a258 p. :
_bilus. ; gráfs. ; cuadros.
590 _aBATCH-UPD
_b10
_c20130110
_lUCH01
_h1350
590 _aBATCH-UPD
_b10
_c20130410
_lUCH01
_h0846
590 _aBATCH-UPD
_b10
_c20130914
_lUCH01
_h1448
590 _aCONVERSION
_b10
_c20130109
_lUCH01
_h1341
590 _aE11695DGD
_b10
_c20140731
_lUCH01
_h1054
650 1 4 _aFruticultura
_xCongresos.
_943712
650 1 4 _aHorticultura
_xCongresos.
_956318
650 1 4 _aPlantas ornamentales
_xCongresos.
_989058
901 _aBK
905 _aGuadalupe Pinto C.
942 _cLIBRO
942 _n0
949 _a634.063 R6
_bBC
_cCONG
_d33724000704508
_eCONG
_h93332
_i86072
_sb
949 _a634.063 R6
_bBC
_cUACH
_d860722
_eUACH
_fc.2
_h93333
_i86072
_sb
999 _c75515
_d75515